000 00772nam a2200253Ia 4500
001 dia_4190
003 CHAP
005 20251029164739.0
008 220117s1983 xx 000 0 und d
010 _a174825
040 _cCHAP
_amxchpua
_erda
090 _aFOLLETO 2255
100 _aInstituto nacional de investigaciones agrícolas. México
_9155715
245 _aMetodología de investigación en maíz /
_c Instituto nacional de investigaciones agrícolas. México
260 _aMéxico :
_b INIA,
_c1983
300 _a60 p.
500 _aS/c
650 _aMaíz
_xInvestigación
_970984
700 _aINIA
_9147848
901 _aFOLLETO 2255
902 _aM
905 _a0000001983 mx 0000000000spa00
942 _cFOLL
_2local
999 _c174825
_d174825